| 000 | 00480nam a22001817a 4500 | ||
|---|---|---|---|
| 005 | 20230726125131.0 | ||
| 008 | 230726b |||||||| |||| 00| 0 eng d | ||
| 020 | _a9781118934456 | ||
| 082 |
_a629.1326 _bYED-F |
||
| 100 | _aYadavalli,Rama K. | ||
| 245 | _aFlight Dynamics and Control of Aero and Space Vehicles | ||
| 260 |
_aIndia _bWiley _c2020 |
||
| 300 | _a519 | ||
| 500 | _aInclude index | ||
| 650 | _aEngineering/Aviatation | ||
| 700 | _aRama K.Yedavalli | ||
| 999 |
_c33153 _d33153 |
||